00301nam a2200133Ia 45000030006000000080041000060400015000471000021000622450018000832600033001013000006001345460010001400050017001500STCL150530s9999 xx 000 0 und d aSTCLcSTCL aGiri Raj Kishore aTeesari Satta bNational; Delhic1982aDelhi a0 aHindi20220125171226.0